Các quy định pháp luật về kiểm toán

Đã lưu trong:
Chi tiết về thư mục
Định dạng: Sách
Ngôn ngữ:Vietnamese
Được phát hành: Lao động 2001
Các nhãn: Thêm thẻ
Không có thẻ, Là người đầu tiên thẻ bản ghi này!
Thư viện lưu trữ: Mạng thư viện Đại học Đà Nẵng
LEADER 00629nam a2200241 4500
001 000020575
003 17021
005 20150323100300.0
008 150323s2001 viesd
020 |c 50000 
041 0 |a vie 
082 1 4 |a 343.034  |b Qu-Đ 
245 1 0 |a Các quy định pháp luật về kiểm toán  |c Nguyễn Trung (Sưu tầm, tuyển chọn) 
260 |b Lao động  |c 2001 
300 |a tr.  |c cm. 
OWN |a LSP 
999 |a From the UDN01 
TYP |a Monograph 
TYP |a Printed language 
980 |a Mạng thư viện Đại học Đà Nẵng